000 004450000a22001810004500
003 MACL
005 20150915143823.0
008 150915b xxu||||| |||| 00| 0 eng d
040 _aMACL
_cMACL
041 _aEnglish
082 _a823/MUK
100 _aMukhopadhyay, Sirshendu
_911188
245 _aThe Ghost of Gosain Bagan
260 _bPonytale Books
_c2008
_aDelhi
350 _a99
650 _aStories
_911189
942 _cBK
_k823/MUK
_2ddc
999 _c42551
_d42551